Largest City Beginning with "A" by State - Statistics

General Stats
  • This quiz has been taken 1,247 times
  • The average score is 16 of 50
Answer Stats
Hint Answer % Correct
Alaska Anchorage
86%
Georgia Atlanta
85%
Texas Austin
82%
New York Albany
77%
Oregon Albany
77%
New Mexico Albuquerque
67%
Colorado Aurora
67%
Illinois Aurora
67%
Ohio Akron
66%
Maryland Annapolis
66%
California Anaheim
65%
Vermont Arlington
65%
Virginia Arlington
65%
Michigan Ann Arbor
62%
Pennsylvania Allentown
57%
Louisiana Alexandria
42%
Alabama Auburn
37%
Maine Auburn
37%
Washington Auburn
37%
Iowa Ames
34%
North Carolina Asheville
33%
Wisconsin Appleton
32%
Tennessee Athens
29%
South Dakota Aberdeen
26%
New Jersey Atlantic City
26%
Indiana Anderson
25%
New Hampshire Amherst
18%
Kentucky Ashland
15%
Minnesota Apple Valley
14%
Arkansas Arkadelphia
13%
Arizona Avondale
12%
Kansas Arkansas City
11%
South Carolina Aiken
10%
Montana Anaconda
8%
Florida Apopka
8%
Massachusetts Attleboro
8%
Oklahoma Ardmore
6%
Utah American Fork
5%
Delaware Arden
5%
Nevada Arden
5%
North Dakota Ashley
5%
Nebraska Alliance
4%
Missouri Arnold
4%
Wyoming Afton
3%
Connecticut Ansonia
3%
Hawaii Aiea
2%
Idaho Ammon
2%
Mississippi Amory
2%
West Virginia Alum Creek
1%
Rhode Island Ashaway
1%
No matching quizzes found
Score Distribution
Percent of People with Each Score
Percentile by Number Answered
Your Score History
You have not taken this quiz